Out of twilight
Guardat en:
| Autor principal: | |
|---|---|
| Format: | Llibre |
| Idioma: | anglès |
| Publicat: |
Routledge
2000
|
| Etiquetes: |
Sense etiquetes, Sigues el primer a etiquetar aquest registre!
|
MARC
| LEADER | 00000nam a2200000 4500 | ||
|---|---|---|---|
| 005 | 20240918184303.0 | ||
| 008 | 240731b |||||||| |||| 00| 0 eng d | ||
| 020 | |a 978-0789006141 | ||
| 040 | |c GP | ||
| 100 | |a Gottlier | ||
| 245 | |a Out of twilight | ||
| 260 | |b Routledge |c 2000 | ||
| 942 | |2 ddc |c BK |n 0 | ||
| 952 | |0 0 |1 0 |2 ddc |4 0 |6 306_766800000000000_GOT |7 1 |9 1746 |a RM |b RM |d 2024-07-31 |l 0 |o 306.7668 GOT |p 542 |r 2024-07-31 18:46:53 |w 2024-07-31 |y BK | ||
| 999 | |c 1562 |d 1562 | ||